000
00277nam a22001217a 4500
008
180215b xxu||||| |||| 00| 0 eng d
041
_a
eng
080
_a
316
100
_a
50
101
_a
SOC
245
_a
Treating self-injury a practical guide
_c
Walsh,B.W
942
_2
udc
_c
BK
999
_c
42647
_d
42647